[Event "ARS Festival"]
[Site "Roma ITA"]
[Date "1995.02.??"]
[Round "?"]
[White "Pezzaldi, Roberto"]
[Black "Franchi, Jose' Maria"]
[Result "0-1"]
[WhiteElo "1791"]
[BlackElo "1630"]
[PlyCount "62"]
[EventDate "1995.02.??"]

1. c4 e5 2. Nc3 Nc6 3. g3 g6 4. Bg2 Bg7 5. Nf3 d6 6. O-O f5 7. d3 Nf6 8. Rb1 a5
9. Bg5 h6 10. Bd2 O-O 11. Qa4 Bd7 12. Qb3 Qc8 13. Nh4 g5 14. Nf3 f4 15. Nb5 Be6
16. a3 d5 17. cxd5 Bxd5 18. Qc2 a4 19. Qc5 Rf7 20. Nxe5 Nxe5 21. Bxd5 Nxd5 22.
Rfc1 f3 23. Qxd5 Qh3 24. exf3 Nxf3+ 25. Qxf3 Rxf3 26. Be3 c6 27. Nd6 Qd7 28.
Ne4 Rxe3 29. fxe3 Qxd3 30. Nf2 Qxe3 31. Re1 Qf3 0-1

[Event "ARS Festival"]
[Site "Roma ITA"]
[Date "1995.02.??"]
[Round "?"]
[White "Pezzaldi, Roberto"]
[Black "Laudati, Adriano"]
[Result "1/2-1/2"]
[WhiteElo "1791"]
[BlackElo "1729"]
[PlyCount "58"]
[EventDate "1995.02.??"]

1. c4 c6 2. Nf3 Nf6 3. g3 d5 4. b3 Bg4 5. Bg2 Nbd7 6. Bb2 e6 7. O-O Bd6 8. d3
O-O 9. h3 Bxf3 10. Bxf3 Re8 11. Nd2 Qc7 12. d4 Rad8 13. c5 Bf8 14. Bg2 e5 15.
dxe5 Nxe5 16. Qc2 Ned7 17. Nf3 Qa5 18. a3 Qxc5 19. Qd3 Qd6 20. b4 a6 21. e3 g6
22. Rfd1 Bg7 23. Rac1 Ne4 24. Bxg7 Kxg7 25. Nh2 Ndf6 26. Nf3 Kg8 27. Nd4 Qe7
28. Nb3 Nd6 29. Nc5 Nfe4 1/2-1/2

[Event "ARS Festival"]
[Site "Roma ITA"]
[Date "1995.02.??"]
[Round "?"]
[White "Pezzaldi, Roberto"]
[Black "Michelena, Rodolfo"]
[Result "1-0"]
[WhiteElo "1791"]
[BlackElo "1600"]
[PlyCount "85"]
[EventDate "1995.02.??"]

1. c4 e6 2. Nf3 Nf6 3. g3 d5 4. b3 g6 5. Bb2 Bg7 6. Bg2 c6 7. O-O O-O 8. d3
Nbd7 9. Nbd2 Re8 10. Rc1 e5 11. cxd5 Nxd5 12. Ne4 Qe7 13. Nfd2 f5 14. Nc3 N7b6
15. Na4 Nxa4 16. bxa4 Bh6 17. Rb1 Bxd2 18. Qxd2 f4 19. e4 fxe3 20. fxe3 Qg5 21.
Rf2 Be6 22. Bc1 b6 23. Qc2 Ne7 24. d4 Qh5 25. dxe5 Rad8 26. a5 Rd1+ 27. Bf1 b5
28. Bb2 Red8 29. Rxd1 Rxd1 30. Bd4 Bc4 31. Bxa7 Qg4 32. Rf4 Rxf1+ 33. Rxf1 Bxf1
34. Kxf1 Nd5 35. Bd4 Nb4 36. Qb3+ Nd5 37. a6 Qf3+ 38. Kg1 Qe2 39. Qb2 Qe1+ 40.
Kg2 Nxe3+ 41. Bxe3 Qxe3 42. Qb3+ Qxb3 43. axb3 1-0

[Event "ARS Festival"]
[Site "Roma ITA"]
[Date "1995.02.??"]
[Round "?"]
[White "Pierangeli, Andrea"]
[Black "Barro, Carlo"]
[Result "1-0"]
[WhiteElo "1711"]
[BlackElo "1636"]
[PlyCount "81"]
[EventDate "1995.02.??"]

1. e4 c5 2. Nf3 e6 3. d4 cxd4 4. Nxd4 d6 5. Bb5+ Bd7 6. O-O Bxb5 7. Nxb5 a6 8.
N5c3 Nc6 9. Nd2 Nf6 10. Nc4 b5 11. Nd2 Be7 12. Ne2 Ne5 13. Ng3 h5 14. h3 h4 15.
Ne2 Qb6 16. Nf4 g5 17. Nd3 Nh5 18. Nxe5 dxe5 19. Nb3 Rd8 20. Be3 Qc7 21. Qe2
Qc6 22. Rfd1 Qxe4 23. Rxd8+ Bxd8 24. Rd1 Be7 25. Qd2 Nf4 26. Bxf4 Qxf4 27. Qd7+
Kf8 28. Qb7 g4 29. Rd7 Bc5 30. Qc8+ Kg7 31. Qxc5 gxh3 32. Qe3 h2+ 33. Kh1 h3
34. g3 Qf6 35. Nd2 Rc8 36. c3 b4 37. Ne4 Qg6 38. Kxh2 bxc3 39. bxc3 Qf5 40. Nd6
Qb1 41. Qg5+ 1-0

[Event "ARS Festival"]
[Site "Roma ITA"]
[Date "1995.02.??"]
[Round "?"]
[White "Pierangeli, Andrea"]
[Black "Bernardi, Giancarlo"]
[Result "1-0"]
[WhiteElo "1711"]
[BlackElo "1588"]
[PlyCount "123"]
[EventDate "1995.02.??"]

1. e4 e6 2. d4 d5 3. e5 c5 4. c3 Nc6 5. a3 cxd4 6. cxd4 Qb6 7. Nf3 Bd7 8. Nc3
f6 9. Bb5 Nxe5 10. Nxe5 Bxb5 11. Qh5+ g6 12. Nxg6 hxg6 13. Qxh8 Kf7 14. Qh3 Re8
15. f4 Bc4 16. Kf2 e5 17. Re1 Bg7 18. Qe3 e4 19. Na4 Nh6 20. Nxb6 Ng4+ 21. Kg3
Nxe3 22. Rxe3 axb6 23. Rc3 f5 24. Be3 Ba6 25. Rac1 Bf6 26. Rc7+ Ke6 27. b4 Rh8
28. h3 Bc4 29. Rxb7 b5 30. Ra7 Rh5 31. Ra1 Bh4+ 32. Kh2 g5 33. g3 gxf4 34. gxf4
Rh8 35. Rg1 Bf6 36. a4 bxa4 37. Rxa4 Be2 38. Ra3 Be7 39. Rb3 Bc4 40. Rb2 Rb8
41. Bd2 Bh4 42. Be1 Bf6 43. Bc3 Bb5 44. Rg3 Rc8 45. Rd2 Bd3 46. Rdxd3 exd3 47.
Rxd3 Rc4 48. Kg3 Be7 49. b5 Bb4 50. Bxb4 Rxb4 51. h4 Rxb5 52. h5 Rb1 53. Re3+
Kf6 54. Re5 Rb3+ 55. Kf2 Rb2+ 56. Kf3 Rh2 57. Kg3 Rxh5 58. Rxd5 Rh1 59. Re5 Rd1
60. d5 Rd3+ 61. Kh4 Rf3 62. Re6+ 1-0

[Event "ARS Festival"]
[Site "Roma ITA"]
[Date "1995.02.??"]
[Round "?"]
[White "Pierangeli, Andrea"]
[Black "Franchi, Jose' Maria"]
[Result "0-1"]
[WhiteElo "1711"]
[BlackElo "1630"]
[PlyCount "102"]
[EventDate "1995.02.??"]

1. e4 c5 2. Nf3 e6 3. d4 cxd4 4. Nxd4 Nc6 5. Nxc6 bxc6 6. Bd3 Qc7 7. O-O Nf6 8.
Qe2 d5 9. exd5 cxd5 10. Nd2 Bd6 11. h3 O-O 12. c3 Bb7 13. Nf3 e5 14. Bc2 Rfe8
15. Ba4 Nd7 16. Bg5 Re6 17. Rad1 Nc5 18. Bb5 a6 19. Bd3 e4 20. Nd4 exd3 21. Qh5
Rg6 22. Be3 Bf4 23. b4 Ne6 24. Rxd3 Bxe3 25. Rxe3 Nxd4 26. cxd4 Re6 27. Rxe6
fxe6 28. Re1 Qf7 29. Qe5 Re8 30. Rc1 Qf6 31. f4 Qxe5 32. fxe5 Rc8 33. Rc5 Rxc5
34. bxc5 Kf7 35. g4 Kg6 36. Kg2 h5 37. Kg3 hxg4 38. hxg4 Kg5 39. a3 Bc6 40. Kf3
Kh4 41. g5 Kxg5 42. Ke3 Kf5 43. Kf3 g5 44. Kg3 g4 45. Kg2 Kf4 46. Kf2 g3+ 47.
Kg2 Kg4 48. Kg1 Kf3 49. Kf1 g2+ 50. Kg1 a5 51. a4 Bxa4 0-1

[Event "ARS Festival"]
[Site "Roma ITA"]
[Date "1995.02.??"]
[Round "?"]
[White "Pierangeli, Andrea"]
[Black "Scacco, Mauro"]
[Result "0-1"]
[WhiteElo "1711"]
[BlackElo "2004"]
[PlyCount "74"]
[EventDate "1995.02.??"]

1. Nf3 Nf6 2. c4 e6 3. Nc3 d5 4. e3 c6 5. b3 Bd6 6. d4 O-O 7. Be2 Nbd7 8. O-O
Re8 9. Qc2 Qe7 10. Rd1 e5 11. dxe5 Nxe5 12. cxd5 Bd7 13. Bb2 Nfg4 14. g3 Nxf2
15. Kxf2 Ng4+ 16. Kg1 Qxe3+ 17. Kh1 Nf2+ 18. Kg2 Bh3+ 19. Kg1 Nxd1+ 20. Kh1
Nf2+ 21. Kg1 Ne4+ 22. Kh1 Nxc3 23. Qxc3 Qxc3 24. Bxc3 Rxe2 25. Nd4 Bg2+ 26. Kg1
Bc5 27. b4 Bxd4+ 28. Bxd4 Bxd5 29. a3 Rg2+ 30. Kf1 Rxh2 31. Re1 h6 32. Re7 a5
33. Bc5 b5 34. Bd6 a4 35. Re3 Rd8 36. Bc7 Bc4+ 37. Kg1 Rdd2 0-1

[Event "ARS Festival"]
[Site "Roma ITA"]
[Date "1995.02.??"]
[Round "?"]
[White "Pompa, Alessandro"]
[Black "Barro, Carlo"]
[Result "1-0"]
[WhiteElo "2058"]
[BlackElo "1636"]
[PlyCount "93"]
[EventDate "1995.02.??"]

1. d4 Nf6 2. c4 g6 3. Nc3 Bg7 4. e4 d6 5. f3 O-O 6. Be3 e5 7. Nge2 Nc6 8. Qd2
Nd7 9. d5 Ne7 10. g4 Nb6 11. Ng3 f5 12. gxf5 gxf5 13. Bg5 f4 14. Nh5 Qe8 15.
Nxg7 Kxg7 16. Nb5 Qd7 17. c5 Na4 18. Qa5 Nxc5 19. Qxc7 Ng6 20. h4 h6 21. h5
hxg5 22. hxg6 Kxg6 23. Qxd6+ Qxd6 24. Nxd6 Rd8 25. Nc4 Re8 26. Rc1 b6 27. b4
Nb7 28. Nb2 Nd8 29. Rc7 Nf7 30. Bb5 Rd8 31. Bc6 Rb8 32. Rxa7 g4 33. Nd3 g3 34.
a4 Bh3 35. Rxf7 Kxf7 36. Rxh3 Rh8 37. Rxh8 Rxh8 38. Kf1 Rh1+ 39. Kg2 Rh2+ 40.
Kg1 Rd2 41. Nxe5+ Kf6 42. Ng4+ Ke7 43. Bb5 Rd1+ 44. Bf1 Ra1 45. e5 Rxa4 46. d6+
Kd8 47. e6 1-0

[Event "ARS Festival"]
[Site "Roma ITA"]
[Date "1995.02.??"]
[Round "?"]
[White "Proietti, Giorgio"]
[Black "Maddaloni, Giovanni"]
[Result "0-1"]
[WhiteElo "1612"]
[BlackElo "1637"]
[PlyCount "36"]
[EventDate "1995.02.??"]

1. d4 d5 2. c4 e5 3. dxe5 d4 4. a3 Nc6 5. Nf3 Bg4 6. Nbd2 f6 7. exf6 Nxf6 8. b4
Qd7 9. Nb3 Bxf3 10. exf3 O-O-O 11. Bd3 Re8+ 12. Kf1 g6 13. Bb2 Bg7 14. Qd2 Nh5
15. Re1 Ne5 16. Nxd4 Nf4 17. Qxf4 Nxd3 18. Rxe8+ Rxe8 0-1

[Event "ARS Festival"]
[Site "Roma ITA"]
[Date "1995.02.??"]
[Round "?"]
[White "Proietti, Giorgio"]
[Black "Madeddu, Luigi"]
[Result "1-0"]
[WhiteElo "1612"]
[BlackElo "1627"]
[PlyCount "61"]
[EventDate "1995.02.??"]

1. d4 d5 2. c4 Bf5 3. Nc3 e6 4. cxd5 exd5 5. Qb3 Nc6 6. Nf3 Nf6 7. Bg5 Bb4 8.
e3 h6 9. Bxf6 Qxf6 10. Qxd5 O-O 11. Qb3 Be6 12. Qc2 Ba5 13. a3 Ne7 14. b4 Bb6
15. Be2 c6 16. Na4 Bc7 17. Nc5 Bc8 18. O-O Nd5 19. Rfe1 Re8 20. Rad1 Nb6 21. b5
Nd7 22. Nxd7 Bxd7 23. bxc6 Bxc6 24. d5 Bd6 25. dxc6 bxc6 26. a4 Rab8 27. Rb1
Rbd8 28. Rb7 a5 29. Qa2 Bb4 30. Rc1 c5 31. Rxf7 1-0

[Event "ARS Festival"]
[Site "Roma ITA"]
[Date "1995.02.??"]
[Round "?"]
[White "Proietti, Giorgio"]
[Black "Marta, Daniele"]
[Result "0-1"]
[WhiteElo "1612"]
[BlackElo "1600"]
[PlyCount "108"]
[EventDate "1995.02.??"]

1. d4 Nf6 2. c4 g6 3. Nc3 Bg7 4. e4 d6 5. f3 O-O 6. Be3 e5 7. dxe5 dxe5 8. Qxd8
Rxd8 9. Bg5 c6 10. Nge2 h6 11. Be3 Be6 12. b3 Na6 13. a3 Bf8 14. Ng3 Nc5 15.
Bxc5 Bxc5 16. b4 Be3 17. Nd1 Bd2+ 18. Kf2 Bf4 19. Be2 Rd2 20. Ne3 Rad8 21. Rhd1
Bxe3+ 22. Kxe3 Rxd1 23. Rxd1 Rxd1 24. Bxd1 Bxc4 25. Be2 Be6 26. Bd3 Kf8 27. Ne2
Ke7 28. Kd2 Kd6 29. Kc3 Nd7 30. Bc4 Bxc4 31. Kxc4 b5+ 32. Kb3 c5 33. bxc5+ Kxc5
34. Kc3 a5 35. Nc1 f6 36. Nd3+ Kd6 37. h4 Nc5 38. Nf2 h5 39. g4 Ne6 40. gxh5
gxh5 41. Nh1 Nd4 42. Ng3 Nxf3 43. Nxh5 Ke7 44. Ng3 Nxh4 45. Ne2 Nf3 46. Nc1 Nd4
47. Nd3 Kd6 48. Nf2 f5 49. exf5 Nxf5 50. Ne4+ Kd5 51. Nf6+ Ke6 52. Ne4 Nd6 53.
Nc5+ Kd5 54. Nb3 Nc4 0-1

[Event "ARS Festival"]
[Site "Roma ITA"]
[Date "1995.02.??"]
[Round "?"]
[White "Proietti, Giorgio"]
[Black "Ragonese, Lucio Rosario"]
[Result "0-1"]
[WhiteElo "1612"]
[BlackElo "1842"]
[PlyCount "68"]
[EventDate "1995.02.??"]

1. d4 d5 2. c4 c6 3. Nf3 Nf6 4. cxd5 cxd5 5. Nc3 Nc6 6. Bf4 e6 7. e3 Bd6 8.
Bxd6 Qxd6 9. Be2 O-O 10. O-O a6 11. a3 Bd7 12. Rc1 Rac8 13. b4 b5 14. Bd3 e5
15. Nxe5 Nxe5 16. dxe5 Qxe5 17. Ne2 Ng4 18. Ng3 h5 19. Be2 Rxc1 20. Qxc1 h4 21.
Bxg4 Bxg4 22. Nh1 Rc8 23. Qa1 Qg5 24. Qd4 Bh3 25. Ng3 hxg3 26. gxh3 gxf2+ 27.
Kh1 Qf5 28. Qf4 Qe4+ 29. Qxe4 dxe4 30. Rxf2 Rc3 31. Ra2 Rxe3 32. Kg2 f5 33. h4
Kh7 34. a4 Rb3 0-1

[Event "ARS Festival"]
[Site "Roma ITA"]
[Date "1995.02.??"]
[Round "?"]
[White "Quimi, Marco"]
[Black "Guarnieri, Giuseppe"]
[Result "1-0"]
[WhiteElo "2200"]
[BlackElo "1752"]
[PlyCount "71"]
[EventDate "1995.02.??"]

1. c4 e5 2. Nc3 d6 3. g3 g6 4. Bg2 Bg7 5. d3 Ne7 6. e3 a5 7. Nge2 c6 8. a3 Bg4
9. h3 Be6 10. O-O O-O 11. Rb1 d5 12. cxd5 Nxd5 13. d4 f5 14. dxe5 Bxe5 15. Nd4
Bf7 16. e4 Ne7 17. Nf3 Bxc3 18. bxc3 fxe4 19. Ng5 Bc4 20. Re1 Qxd1 21. Rxd1 b5
22. Nxe4 Nd5 23. Bh6 Rd8 24. Nf6+ Kh8 25. Rd4 Na6 26. Nxd5 cxd5 27. Re1 Rd7 28.
a4 Nc7 29. axb5 Bxb5 30. c4 Bc6 31. Rc1 Ne6 32. Rd2 Rad8 33. cxd5 Bxd5 34. Rcd1
Bc6 35. Bxc6 Rxd2 36. Rxd2 1-0

[Event "ARS Festival"]
[Site "Roma ITA"]
[Date "1995.02.??"]
[Round "?"]
[White "Quimi, Marco"]
[Black "Scacco, Mauro"]
[Result "1-0"]
[WhiteElo "2200"]
[BlackElo "2004"]
[PlyCount "129"]
[EventDate "1995.02.??"]

1. e4 e5 2. Nf3 Nc6 3. Bb5 a6 4. Ba4 d6 5. O-O g6 6. c3 Bg7 7. h3 Nge7 8. d4
O-O 9. Bg5 f6 10. Be3 b5 11. Bb3+ Kh8 12. Nbd2 Bb7 13. Qe2 d5 14. dxe5 Nxe5 15.
Rad1 Qe8 16. Nxe5 fxe5 17. Bc5 dxe4 18. Nxe4 Rf4 19. f3 Nf5 20. Bd5 Bxd5 21.
Rxd5 Qc6 22. Rfd1 Nd4 23. Bxd4 Qxd5 24. Be3 Qxa2 25. Bxf4 exf4 26. Rd7 Qe6 27.
Qd2 Re8 28. Kh2 Qe5 29. Rd8 Rf8 30. Rxf8+ Bxf8 31. Qd8 Kg7 32. Qc8 a5 33. Qd7+
Be7 34. Kg1 b4 35. Kf1 c5 36. Ke2 h6 37. Kd3 Kf7 38. Kc4 a4 39. Qxa4 Qe6+ 40.
Kd3 Qd5+ 41. Kc2 c4 42. cxb4 Qd3+ 43. Kc1 Qf1+ 44. Qd1 Qxd1+ 45. Kxd1 Bxb4 46.
Kc2 Ke6 47. h4 Ke5 48. h5 gxh5 49. b3 c3 50. Kd3 c2 51. Kxc2 Kd4 52. Nf6 h4 53.
Ng4 h5 54. Nf6 h3 55. gxh3 h4 56. Ng4 Ba5 57. Kd1 Kd3 58. Ne5+ Ke3 59. Nc4+
Kxf3 60. Nxa5 Kg3 61. Nc4 Kxh3 62. Ke1 Kg2 63. Nd2 h3 64. Nf1 f3 65. b4 1-0

[Event "ARS Festival"]
[Site "Roma ITA"]
[Date "1995.02.??"]
[Round "?"]
[White "Quimi, Marco"]
[Black "Simeoni, Matteo"]
[Result "1-0"]
[WhiteElo "2200"]
[BlackElo "1710"]
[PlyCount "71"]
[EventDate "1995.02.??"]

1. e4 c5 2. Nf3 d6 3. d4 cxd4 4. Nxd4 Nf6 5. Nc3 a6 6. Be3 Nbd7 7. f3 e6 8. Qd2
Be7 9. g4 h6 10. h4 Qc7 11. Qg2 Ne5 12. g5 hxg5 13. hxg5 Rxh1 14. Qxh1 Nfd7 15.
f4 Nc4 16. Bxc4 Qxc4 17. g6 fxg6 18. O-O-O Nf8 19. Kb1 Bd7 20. Qh8 Bf6 21. e5
dxe5 22. Ne4 Qd5 23. Nxf6+ gxf6 24. fxe5 fxe5 25. Rf1 Qd6 26. Bg5 Qe7 27. Bxe7
Kxe7 28. Qg7+ Kd6 29. Rxf8 Rxf8 30. Qxf8+ Kd5 31. Qd8 exd4 32. Qxd7+ Ke5 33.
Kc1 g5 34. Kd2 g4 35. Kd3 g3 36. Qxd4+ 1-0

[Event "ARS Festival"]
[Site "Roma ITA"]
[Date "1995.02.??"]
[Round "?"]
[White "Quimi, Marco"]
[Black "Verrascina, Nicola"]
[Result "1-0"]
[WhiteElo "2200"]
[BlackElo "2035"]
[PlyCount "125"]
[EventDate "1995.02.??"]

1. e4 Nc6 2. d4 e5 3. Nf3 exd4 4. Nxd4 Nf6 5. Nxc6 bxc6 6. Bd3 d5 7. exd5 cxd5
8. O-O Be7 9. c4 d4 10. Bf4 O-O 11. h3 h6 12. Nd2 Bb7 13. Re1 Bd6 14. Bxd6 Qxd6
15. Ne4 Nxe4 16. Bxe4 Bxe4 17. Rxe4 c5 18. b4 Rad8 19. bxc5 Qxc5 20. Qd3 Rd6
21. Rae1 Rd7 22. a3 g6 23. Re5 Qb6 24. Rb1 Qf6 25. Rbe1 Rb8 26. R1e2 Kg7 27. g3
Qc6 28. R2e4 Rb2 29. Re2 Rxe2 30. Rxe2 Qc5 31. Re4 Qb6 32. Re2 Qa5 33. Rd2 Qe5
34. h4 Kf6 35. Re2 Qf5 36. Re4 Kg7 37. Kg2 Qc5 38. Rf4 Qe5 39. Kh2 Qc5 40. Re4
Qf5 41. Kg2 Rd6 42. g4 Qc5 43. f4 Qc6 44. Kg3 Qc5 45. Re5 Qc7 46. c5 Rd8 47. a4
Qc6 48. h5 Qxa4 49. hxg6 Qa1 50. gxf7 Qg1+ 51. Kh3 Qh1+ 52. Kg3 Qg1+ 53. Kh4
Qh2+ 54. Qh3 Qxf4 55. Rf5 Qc7 56. g5 Qe7 57. Qf3 d3 58. Kh5 hxg5 59. Rxg5+ Kh8
60. Kg6 Qe6+ 61. Qf6+ Qxf6+ 62. Kxf6 d2 63. Rh5# 1-0

[Event "ARS Festival"]
[Site "Roma ITA"]
[Date "1995.02.??"]
[Round "?"]
[White "Raccah, Ascer"]
[Black "Iatrino, Vincenzo"]
[Result "0-1"]
[WhiteElo "1558"]
[BlackElo "1716"]
[PlyCount "91"]
[EventDate "1995.02.??"]

1. e4 e5 2. Nf3 Nc6 3. Bb5 a6 4. Bc4 Be7 5. Nc3 Nf6 6. O-O b5 7. Bd5 b4 8. Bxc6
dxc6 9. Ne2 Nxe4 10. d3 Nf6 11. Nxe5 Qd5 12. Nc4 O-O 13. Nf4 Qd8 14. Qf3 Nd5
15. Na5 Bd7 16. Nxd5 cxd5 17. Qxd5 Rb8 18. Nc6 Bxc6 19. Qxc6 Rb6 20. Qc4 Qd7
21. Be3 Rc6 22. Qb3 Qf5 23. f3 Qh5 24. Rae1 Rg6 25. Bf4 Bc5+ 26. Kh1 c6 27. Re5
Qh4 28. Rxc5 Qxf4 29. Rc4 Qd2 30. Rg4 Re8 31. Qxb4 Qxc2 32. Rxg6 hxg6 33. Qc3
Qe2 34. Rc1 Re3 35. h4 Rxd3 36. Qxc6 Rd2 37. f4 Rxb2 38. a4 Qf2 39. Qc8+ Kh7
40. Qg4 Rb4 41. h5 Rxf4 42. hxg6+ fxg6 43. Qh3+ Rh4 44. Qxh4+ Qxh4+ 45. Kg1
Qd4+ 46. Kf1 0-1

[Event "ARS Festival"]
[Site "Roma ITA"]
[Date "1995.02.??"]
[Round "?"]
[White "Raccah, Ascer"]
[Black "Pierangeli, Andrea"]
[Result "0-1"]
[WhiteElo "1558"]
[BlackElo "1711"]
[PlyCount "108"]
[EventDate "1995.02.??"]

1. e4 c5 2. c3 Nf6 3. e5 Nd5 4. d4 e6 5. Nf3 Be7 6. c4 Nb6 7. d5 d6 8. Nc3 O-O
9. Bd3 Re8 10. O-O exd5 11. Nxd5 Nxd5 12. cxd5 dxe5 13. Nxe5 Bf6 14. Nc4 Nd7
15. Qc2 g6 16. Be3 b6 17. Bf4 Ne5 18. Nxe5 Bxe5 19. Bxe5 Rxe5 20. Bc4 Qd6 21.
Rae1 Bf5 22. Qb3 Rae8 23. Rxe5 Rxe5 24. f4 Re4 25. g3 Rd4 26. Rd1 Be4 27. Rxd4
cxd4 28. Qb5 Kf8 29. Kf2 Ke7 30. Qa6 Qc7 31. Qa3+ Kf6 32. Qb4 Qc5 33. Qxc5 bxc5
34. a3 a5 35. g4 Ke7 36. d6+ Kxd6 37. Bxf7 Bd5 38. Be8 c4 39. Ke2 Be6 40. h3
Kd5 41. Kf3 c3 42. bxc3 dxc3 43. Ke3 Kc4 44. Ba4 h5 45. gxh5 gxh5 46. Bc2 Bxh3
47. f5 h4 48. f6 Be6 49. Kf3 Kd4 50. f7 Bxf7 51. Kg4 Ke3 52. Kxh4 Kd2 53. Be4
Bc4 54. Kg4 Bd3 0-1

[Event "ARS Festival"]
[Site "Roma ITA"]
[Date "1995.02.??"]
[Round "?"]
[White "Ragonese, Lucio Rosario"]
[Black "Bellincampi, Stefano"]
[Result "1-0"]
[WhiteElo "1842"]
[BlackElo "2060"]
[PlyCount "75"]
[EventDate "1995.02.??"]

1. d4 d5 2. Nf3 Nf6 3. Bg5 Ne4 4. Bh4 Qd6 5. c3 Qh6 6. Nbd2 g5 7. Bg3 Nxg3 8.
fxg3 g4 9. Ne5 Qe3 10. Qb3 Bh6 11. O-O-O c6 12. Kb1 b6 13. h3 gxh3 14. gxh3
Bf5+ 15. Ka1 Qxg3 16. e4 Bxd2 17. exf5 Bf4 18. Nxc6 Nxc6 19. Qxd5 Rd8 20. Qxc6+
Kf8 21. Bc4 Rg8 22. a3 Bb8 23. Rde1 Qd6 24. Qe4 Qf6 25. Rhg1 Rg5 26. Rxg5 Qxg5
27. f6 Qxf6 28. Qxh7 e6 29. Rf1 Qg7 30. Qh5 Ke7 31. d5 Rh8 32. Qf3 Re8 33. dxe6
f6 34. Rd1 Kf8 35. Rd7 Qg1+ 36. Ka2 Be5 37. Rf7+ Kg8 38. Qh5 1-0

[Event "ARS Festival"]
[Site "Roma ITA"]
[Date "1995.02.??"]
[Round "?"]
[White "Ragonese, Lucio Rosario"]
[Black "Karanikolas, Dimitrios"]
[Result "0-1"]
[WhiteElo "1842"]
[BlackElo "2095"]
[PlyCount "82"]
[EventDate "1995.02.??"]

1. d4 d5 2. Nf3 Nf6 3. Bg5 Nbd7 4. Nbd2 g6 5. e3 Bg7 6. Bd3 O-O 7. c3 Re8 8.
Qc2 c6 9. O-O e5 10. dxe5 Nxe5 11. Nxe5 Rxe5 12. Nf3 Re8 13. Rad1 Qa5 14. Nd2
Bg4 15. f3 Be6 16. Nb3 Qb6 17. Kh1 Rac8 18. Nd4 Bd7 19. Qb3 h6 20. Qxb6 axb6
21. Bxf6 Bxf6 22. e4 c5 23. Bb5 Rcd8 24. Bxd7 Rxd7 25. Nb5 Red8 26. exd5 Rxd5
27. Rxd5 Rxd5 28. Kg1 Kf8 29. g3 c4 30. Na3 b5 31. Nc2 Be7 32. Nd4 Bc5 33. Rd1
b4 34. Kf2 Bxd4+ 35. cxd4 Ra5 36. Ra1 Ke7 37. a3 bxa3 38. bxa3 Kd6 39. Rb1 b5
40. h4 Kd5 41. g4 Kxd4 0-1

[Event "ARS Festival"]
[Site "Roma ITA"]
[Date "1995.02.??"]
[Round "?"]
[White "Ragonese, Lucio Rosario"]
[Black "Marta, Daniele"]
[Result "1-0"]
[WhiteElo "1842"]
[BlackElo "1600"]
[PlyCount "37"]
[EventDate "1995.02.??"]

1. d4 e6 2. Nf3 d5 3. c3 h6 4. Bf4 Nf6 5. Nbd2 b6 6. e3 Be7 7. Ne5 O-O 8. Bd3
Ba6 9. Bc2 c5 10. h4 cxd4 11. exd4 Bd6 12. g4 Nfd7 13. g5 f6 14. Nxd7 Qxd7 15.
Bxd6 Qxd6 16. gxh6 gxh6 17. Qh5 Rf7 18. O-O-O Qf4 19. Rhg1+ 1-0

[Event "ARS Festival"]
[Site "Roma ITA"]
[Date "1995.02.??"]
[Round "?"]
[White "Ragonese, Lucio Rosario"]
[Black "Simeoni, Matteo"]
[Result "1/2-1/2"]
[WhiteElo "1842"]
[BlackElo "1710"]
[PlyCount "118"]
[EventDate "1995.02.??"]

1. d4 f5 2. e4 fxe4 3. Nc3 Nf6 4. Bg5 c6 5. Bxf6 exf6 6. Nxe4 d5 7. Ng3 Bd6 8.
Bd3 O-O 9. N1e2 f5 10. f4 Qh4 11. Qd2 Na6 12. c3 Bd7 13. O-O Rae8 14. Rf2 Nc7
15. Re1 g6 16. Nf1 Ne6 17. g3 Qf6 18. Ne3 Rf7 19. Kg2 Rfe7 20. Ng1 Nc7 21. Nf3
a5 22. Ne5 Ne6 23. Qd1 Qf8 24. a4 Bc8 25. Qb3 Qf6 26. h4 h5 27. Qd1 Kg7 28. Qd2
Bc7 29. Be2 Rd8 30. b4 Qf8 31. Qd1 Qh8 32. b5 Bxe5 33. dxe5 Nc5 34. Bf3 Be6 35.
Qd4 Ne4 36. Bxe4 dxe4 37. Qb6 cxb5 38. axb5 Ra8 39. Nd5 Bxd5 40. Qf6+ Kg8 41.
Qxe7 e3+ 42. Rf3 Qg7 43. Qxg7+ Kxg7 44. Rexe3 a4 45. c4 Bxf3+ 46. Kxf3 a3 47.
Re1 a2 48. Ra1 Ra3+ 49. Kf2 b6 50. Ke1 Kf7 51. Kd1 Ke6 52. Kc2 Rxg3 53. Rd1 Rg4
54. Rd6+ Ke7 55. Kb2 Rxf4 56. Rxb6 Rxc4 57. Kxa2 f4 58. Rf6 Rc5 59. Rxf4 Rxb5
1/2-1/2

[Event "ARS Festival"]
[Site "Roma ITA"]
[Date "1995.02.??"]
[Round "?"]
[White "Righetti, Gianfranco"]
[Black "Casula, Stefano"]
[Result "0-1"]
[WhiteElo "1660"]
[BlackElo "1978"]
[PlyCount "99"]
[EventDate "1995.02.??"]

1. e4 Nf6 2. e5 Nd5 3. d4 d6 4. f4 Bf5 5. c3 e6 6. Nf3 Be7 7. Bd3 Bxd3 8. Qxd3
a6 9. O-O c5 10. a3 Nc6 11. c4 Nb6 12. d5 exd5 13. cxd5 Nb8 14. Nc3 O-O 15. Be3
N8d7 16. Ne4 c4 17. Qd2 Qb8 18. Rad1 Rd8 19. Qb4 Nc8 20. Qxc4 dxe5 21. fxe5
Nxe5 22. Nxe5 Qxe5 23. d6 Nxd6 24. Nxd6 Qxe3+ 25. Kh1 Rxd6 26. Qxf7+ Kh8 27.
Rde1 Qd4 28. Rxe7 h6 29. Rxb7 Rc8 30. h3 Rdc6 31. Qf4 Qd3 32. Qf5 Qg3 33. Rf7
Rg8 34. Rf8 Rg6 35. Rxg8+ Kxg8 36. Qd5+ Kh7 37. Qa8 Qe3 38. Rf8 Qe1+ 39. Kh2
Qg3+ 40. Kh1 Re6 41. Rf1 Qb3 42. Qf3 Qxb2 43. Rf2 Qd4 44. Qf4 Qa1+ 45. Kh2 Qxa3
46. Qf5+ Rg6 47. h4 Qg3+ 48. Kg1 Qxh4 49. Rf1 Qf6 50. Qc2 0-1

[Event "ARS Festival"]
[Site "Roma ITA"]
[Date "1995.02.??"]
[Round "?"]
[White "Righetti, Gianfranco"]
[Black "Farina, Saverio"]
[Result "0-1"]
[WhiteElo "1660"]
[BlackElo "2120"]
[PlyCount "82"]
[EventDate "1995.02.??"]

1. e4 e6 2. d4 d5 3. Nd2 c5 4. exd5 exd5 5. Ngf3 Nc6 6. Nb3 c4 7. Nbd2 Nf6 8.
Be2 Bd6 9. O-O O-O 10. Re1 Re8 11. Nf1 Bg4 12. Ng3 Bxf3 13. gxf3 h6 14. c3 Qd7
15. Be3 Re7 16. Bf1 Rae8 17. Qc2 Bxg3 18. hxg3 Nh5 19. Kh2 Qd6 20. Qd2 Re6 21.
Bh3 R6e7 22. Kg2 Qg6 23. Bg4 Nf6 24. Bh3 Nh7 25. Bf4 Ng5 26. Bd7 Rxe1 27. Rxe1
Rxe1 28. Qxe1 Ne6 29. Bd6 Kh7 30. Be5 Ne7 31. Qe2 Nf5 32. Qd2 Nh4+ 33. Kf1 Qb1+
34. Ke2 Nxf3 35. Qd1 Qe4+ 36. Kf1 Nh2+ 37. Kg1 Nf3+ 38. Kf1 Neg5 39. Bb8 Nh2+
40. Kg1 Ngf3+ 41. Kg2 Ne1+ 0-1

[Event "ARS Festival"]
[Site "Roma ITA"]
[Date "1995.02.??"]
[Round "?"]
[White "Righetti, Gianfranco"]
[Black "Proietti, Giorgio"]
[Result "1/2-1/2"]
[WhiteElo "1660"]
[BlackElo "1612"]
[PlyCount "129"]
[EventDate "1995.02.??"]

1. e4 e6 2. d4 d5 3. Nd2 c5 4. exd5 Qxd5 5. Ngf3 Nf6 6. Bc4 Qd8 7. O-O Nc6 8.
Nb3 cxd4 9. Nbxd4 Bd7 10. Nb5 Na5 11. Be2 Bxb5 12. Bxb5+ Nc6 13. Bg5 Qxd1 14.
Raxd1 Be7 15. Ne5 Rc8 16. Rd3 O-O 17. Bxc6 bxc6 18. Rfd1 h6 19. Bxf6 gxf6 20.
Nc4 Rfd8 21. Kf1 Rxd3 22. Rxd3 Bc5 23. Ke2 Kf8 24. f3 Ke7 25. Rb3 Kd7 26. Rb7+
Rc7 27. Rb8 Rc8 28. Rxc8 Kxc8 29. Kd3 Kd7 30. Nd2 f5 31. Nc4 f6 32. b3 e5 33.
Ne3 Ke6 34. c4 Bxe3 35. Kxe3 a5 36. a3 c5 37. g3 h5 38. Kd3 Kd6 39. h3 Ke6 40.
Ke3 Kd6 41. g4 fxg4 42. fxg4 hxg4 43. hxg4 Ke6 44. Ke4 Kd6 45. Kf5 Kc6 46. g5
fxg5 47. Kxe5 g4 48. Kf4 Kd6 49. Kxg4 Ke5 50. Kg5 Kd4 51. Kf5 Kc3 52. Ke5 Kxb3
53. Kd5 Kxa3 54. Kxc5 Kb3 55. Kb5 a4 56. c5 a3 57. c6 a2 58. c7 a1=Q 59. c8=Q
Qa4+ 60. Kb6 Qb4+ 61. Ka7 Qa5+ 62. Kb7 Qb5+ 63. Ka8 Qa5+ 64. Kb8 Qb5+ 65. Ka7
1/2-1/2